Drapeaux de la diversité LGBT (avec un intrus ?) - Statistiques

Statistiques générales
  • Ce quiz a été pris 93 fois
    92 depuis la dernière actualisation
  • Le résultat moyen est 8 sur 18
Statistiques - réponses
Par images Réponse % Correct
Lesbien
95%
Transgenre
90%
Bisexuel
88%
Gay
82%
Pansexuel
82%
Intersexe
75%
Non-Binaire
61%
Hétérosexuel
52%
Agenre
49%
Gender-fluid
49%
Asexuel
45%
Polyamour
44%
Androgyne
14%
Bigenre
12%
Skoliosexuel
5%
Demisexe
4%
Gynophile
1%
République de Chine
0%
Aucun quiz correspondant
Distribution des résultats
% des personnes avec chaque résultat
Percentile par nombre de réponses
Votre historique - résultats
Vous n’avez pas pris ce quiz depuis la dernière actualisation